[Event "Walsrode Chessemy op-A"]
[Site "Walsrode"]
[Date "2023.03.10"]
[Round "7"]
[White "Gressmann, Hanna"]
[Black "Comes, Bruno"]
[Result "1/2-1/2"]
[WhiteElo "1894"]
[BlackElo "2143"]
[PlyCount "35"]
[EventDate "2023.03.04"]
[EventType "swiss"]
[EventRounds "9"]
[EventCountry "GER"]
[SourceTitle "CBM 213 Extra"]
[Source "ChessBase"]
[SourceDate "2023.05.31"]
[SourceVersion "1"]
[SourceVersionDate "2023.05.31"]
[SourceQuality "1"]

1. e4 e5 2. Nf3 Nf6 3. d4 Nxe4 4. Bd3 d5 5. Nxe5 Nd7 6. Nxd7 Bxd7 7. 0-0 Be7 8. c4 Nf6 9. Nc3 dxc4 10. Bxc4 0-0 11. Re1 c6 12. d5 Bg4 13. Be2 Bxe2 14. Qxe2 Re8 15. dxc6 Bc5 16. Be3 bxc6 17. Qf3 Bxe3 18. Rxe3 1/2-1/2

[Event "Walsrode Chessemy op-A"]
[Site "Walsrode"]
[Date "2023.03.08"]
[Round "5"]
[White "Comes, Bruno"]
[Black "Hartmann, Wolfgang"]
[Result "1/2-1/2"]
[WhiteElo "2143"]
[BlackElo "1925"]
[PlyCount "114"]
[EventDate "2023.03.04"]
[EventType "swiss"]
[EventRounds "9"]
[EventCountry "GER"]
[SourceTitle "CBM 213 Extra"]
[Source "ChessBase"]
[SourceDate "2023.05.31"]
[SourceVersion "1"]
[SourceVersionDate "2023.05.31"]
[SourceQuality "1"]

1. e4 c6 2. d4 d5 3. exd5 cxd5 4. Bd3 Nc6 5. c3 Qc7 6. Ne2 e6 7. Bf4 Bd6 8. Qd2 Nf6 9. Qe3 Bxf4 10. Qxf4 Qxf4 11. Nxf4 Bd7 12. Nd2 0-0 13. 0-0 e5 14. dxe5 Nxe5 15. Rfe1 Rfe8 16. Bc2 Nc6 17. Nb3 Rxe1+ 18. Rxe1 Re8 19. Kf1 Rxe1+ 20. Kxe1 b6 21. h4 h6 22. Kd2 Kf8 23. f3 g5 24. hxg5 hxg5 25. Ne2 Ke7 26. Nbd4 Nxd4 27. Nxd4 Ne8 28. Ke3 Kd6 29. Bd3 Nc7 30. g3 f6 31. b4 a6 32. f4 Nb5 33. Bxb5 gxf4+ 34. Kxf4 axb5 35. Nf3 Ke7 36. Ke3 Kd6 37. Kd4 Be6 38. Ne1 Bg8 39. Nd3 Be6 40. a3 Bg8 41. Nb2 Be6 42. a4 bxa4 43. Nxa4 Kc6 44. Nb2 Bf5 45. Nd1 Kd6 46. Ne3 Be6 47. Ng2 Bg8 48. Nf4 Bf7 49. Ng2 Be6 50. Ne1 Bf5 51. Nf3 Bg4 52. Nd2 Be6 53. Ke3 Ke5 54. Nf3+ Kd6 55. Kf4 Bd7 56. Nd4 Ke7 57. g4 Kd6 1/2-1/2

[Event "Walsrode Chessemy op-A"]
[Site "Walsrode"]
[Date "2023.03.07"]
[Round "4"]
[White "Zitzelsberger, Philipp"]
[Black "Comes, Bruno"]
[Result "1-0"]
[WhiteElo "1958"]
[BlackElo "2143"]
[PlyCount "129"]
[EventDate "2023.03.04"]
[EventType "swiss"]
[EventRounds "9"]
[EventCountry "GER"]
[SourceTitle "CBM 213 Extra"]
[Source "ChessBase"]
[SourceDate "2023.05.31"]
[SourceVersion "1"]
[SourceVersionDate "2023.05.31"]
[SourceQuality "1"]

1. e4 e5 2. Nf3 Nf6 3. Nxe5 d6 4. Nf3 Nxe4 5. d4 d5 6. Bd3 Nc6 7. 0-0 Be7 8. Re1 Bg4 9. c3 f5 10. Nbd2 0-0 11. h3 Bh5 12. Qb3 Nxd2 13. Nxd2 Qd6 14. Be2 Bxe2 15. Rxe2 b6 16. Nf3 Bf6 17. g3 Rae8 18. Bf4 Qd7 19. Rae1 Re4 20. Kg2 Rfe8 21. Qd1 h6 22. Be5 Bxe5 23. dxe5 Nxe5 24. Nd4 Ng6 25. f3 Rxe2+ 26. Rxe2 f4 27. Qd3 Rxe2+ 28. Nxe2 Kf7 29. Nxf4 Nxf4+ 30. gxf4 a5 31. Kg3 Qe6 32. Qb5 Ke7 33. Qd3 g6 34. b3 Qf5 35. Qe3+ Kd6 36. Qe8 h5 37. Qd8+ Kc6 38. Qa8+ Kd7 39. h4 Qe6 40. Kf2 Kd6 41. Qd8+ Kc6 42. Qa8+ Kc5 43. Qd8 Qf7 44. Kg3 c6 45. a4 Qg7 46. b4+ Kc4 47. Qxb6 Qxc3 48. Qc5+ Kb3 49. Qxc3+ Kxc3 50. bxa5 d4 51. a6 d3 52. a7 d2 53. a8Q d1Q 54. Qxc6+ Kb4 55. Qe4+ Ka5 56. Kf2 Qh1 57. Qe1+ Qxe1+ 58. Kxe1 Kxa4 59. Kd2 Kb4 60. Kd3 Kc5 61. Ke4 Kd6 62. f5 Ke7 63. Ke5 Kf7 64. fxg6+ Kxg6 65. Ke6 1-0

[Event "Lueneburg op-A"]
[Site "Lueneburg"]
[Date "2019.08.05"]
[Round "3"]
[White "Comes, Bruno"]
[Black "Kroencke, Manfred"]
[Result "0-1"]
[WhiteElo "2165"]
[BlackElo "2047"]
[PlyCount "82"]
[EventDate "2019.08.03"]
[EventType "swiss"]
[EventRounds "9"]
[EventCountry "GER"]
[SourceTitle "CBM 191 Extra"]
[Source "ChessBase"]
[SourceDate "2019.09.30"]
[SourceVersion "1"]
[SourceVersionDate "2019.09.30"]
[SourceQuality "1"]

1. e4 c5 2. Nf3 e6 3. d4 cxd4 4. Nxd4 Nc6 5. Nc3 Qc7 6. Be3 a6 7. Be2 Nf6 8. 0-0 Bb4 9. Bd3 Ne5 10. Bf4 Bxc3 11. bxc3 d6 12. Bd2 0-0 13. Qe2 Bd7 14. f4 Ng6 15. Rae1 e5 16. fxe5 dxe5 17. Nf5 Rfe8 18. Qf2 Bxf5 19. Qxf5 b5 20. h3 Qd7 21. Qf2 Qe6 22. g4 Rac8 23. Kh2 Qxa2 24. Qf3 Nh4 25. Qg3 Ng6 26. Re2 Qe6 27. Ref2 Re7 28. Rf5 Qc6 29. Qe3 Rd8 30. R1f2 Qe6 31. Qg3 Qc6 32. Bg5 Re6 33. h4 Rd7 34. h5 Nf4 35. Bxf4 exf4 36. Qxf4 Qc7 37. e5 Rxe5 38. Rxf6 gxf6 39. Kh3 Rde7 40. Rf3 Re3 41. Qxf6 Qe5 0-1

[Event "Lueneburg op-A"]
[Site "Lueneburg"]
[Date "2019.08.04"]
[Round "2"]
[White "Darpan, Inani"]
[Black "Comes, Bruno"]
[Result "1/2-1/2"]
[WhiteElo "1956"]
[BlackElo "2165"]
[PlyCount "59"]
[EventDate "2019.08.03"]
[EventType "swiss"]
[EventRounds "9"]
[EventCountry "GER"]
[SourceTitle "CBM 191 Extra"]
[Source "ChessBase"]
[SourceDate "2019.09.30"]
[SourceVersion "1"]
[SourceVersionDate "2019.09.30"]
[SourceQuality "1"]

1. e4 e5 2. Nf3 Nf6 3. Nxe5 d6 4. Nf3 Nxe4 5. Qe2 Qe7 6. d3 Nf6 7. Bg5 Be6 8. Nc3 h6 9. Bxf6 Qxf6 10. d4 c6 11. d5 cxd5 12. 0-0-0 Be7 13. Qb5+ Nd7 14. Nxd5 Bxd5 15. Rxd5 Rd8 16. Rf5 Qg6 17. Bd3 0-0 18. Rxf7 Qxg2 19. Rg1 Bg5+ 20. Kb1 Qxg1+ 21. Nxg1 Kxf7 22. Qd5+ Ke7 23. Bf5 Rf7 24. h4 Bf4 25. Nf3 Be5 26. Bxd7 Rxd7 27. Nxe5 dxe5 28. Qxe5+ Kf8 29. Qb8+ Ke7 30. Qe5+ 1/2-1/2

[Event "Arber op 6th"]
[Site "Bodenmais"]
[Date "2017.08.05"]
[Round "8"]
[White "Comes, Bruno"]
[Black "Hoffmann, Sebastian"]
[Result "1-0"]
[WhiteElo "2169"]
[BlackElo "1865"]
[PlyCount "99"]
[EventDate "2017.07.29"]
[EventType "swiss"]
[EventRounds "9"]
[EventCountry "GER"]
[SourceTitle "EXT 2018"]
[Source "ChessBase"]
[SourceDate "2017.10.13"]
[SourceVersion "1"]
[SourceVersionDate "2017.10.13"]
[SourceQuality "1"]

1. f4 d5 2. Nf3 g6 3. g3 Bg7 4. Bg2 Nf6 5. 0-0 c5 6. d3 Nc6 7. Qe1 Nd4 8. Nxd4 cxd4 9. Qb4 Qb6 10. Qxb6 axb6 11. c3 Bg4 12. Re1 Rc8 13. h3 Be6 14. Bd2 0-0 15. e3 dxe3 16. Bxe3 Nd7 17. Na3 Nc5 18. Rad1 Na4 19. Bc1 Rc7 20. Re2 Rfc8 21. d4 Rxc3 22. bxc3 Nxc3 23. Red2 Nxd1 24. Rxd1 Bxd4+ 25. Rxd4 Rxc1+ 26. Kf2 Rc3 27. Nb1 Rc1 28. Nd2 Ra1 29. Ke2 Kg7 30. Bxd5 Bxh3 31. Rb4 Bg4+ 32. Kf2 e6 33. Bb3 Rh1 34. Nf1 Bh3 35. Bc4 Bxf1 36. Bxf1 Rh2+ 37. Bg2 Rh5 38. Rxb6 Rc5 39. Be4 Rc4 40. Bd3 Ra4 41. Bb1 Ra7 42. Rb4 h5 43. a4 Kf6 44. Be4 b6 45. Bc6 Ra6 46. Rd4 Kf5 47. Rd7 f6 48. Kf3 e5 49. Re7 exf4 50. gxf4 1-0

[Event "Arber op 6th"]
[Site "Bodenmais"]
[Date "2017.07.30"]
[Round "2"]
[White "Comes, Bruno"]
[Black "Fuchs, Florian1111"]
[Result "1/2-1/2"]
[WhiteElo "2169"]
[BlackElo "1693"]
[PlyCount "62"]
[EventDate "2017.07.29"]
[EventType "swiss"]
[EventRounds "9"]
[EventCountry "GER"]
[SourceTitle "CBM 179 Extra"]
[Source "ChessBase"]
[SourceDate "2017.08.23"]
[SourceVersion "1"]
[SourceVersionDate "2017.08.23"]
[SourceQuality "1"]

1. e4 c5 2. Nf3 Nc6 3. d4 cxd4 4. Nxd4 Nf6 5. Nc3 d6 6. Be2 g6 7. Be3 Bg7 8. 0-0 0-0 9. h3 a6 10. f4 Nxd4 11. Bxd4 b5 12. Bf3 Bb7 13. a3 Qc7 14. Qd2 Rac8 15. Rad1 Rfd8 16. Kh1 Nd7 17. Bxg7 Kxg7 18. Rf2 Nb6 19. Nd5 Bxd5 20. exd5 Qc5 21. Re2 Rc7 22. Rde1 Re8 23. c3 Nc4 24. Qd3 Ra7 25. Rd1 Rb8 26. Qd4+ Qxd4 27. Rxd4 Rc7 28. Kg1 Rbb7 29. Kf2 Na5 30. Ke3 Nb3 31. Rd1 Nc5 1/2-1/2

[Event "Arber op 4th"]
[Site "Bayerisch Eisenstein"]
[Date "2015.08.05"]
[Round "5"]
[White "Comes, Bruno"]
[Black "Bente, Bjoern"]
[Result "0-1"]
[WhiteElo "2109"]
[BlackElo "2312"]
[PlyCount "80"]
[EventDate "2015.08.01"]
[EventType "swiss"]
[EventRounds "9"]
[EventCountry "GER"]
[SourceTitle "EXT 2016"]
[Source "ChessBase"]
[SourceDate "2015.10.08"]
[SourceVersion "1"]
[SourceVersionDate "2015.10.08"]
[SourceQuality "1"]

1. e4 e6 2. d4 d5 3. Nc3 Nf6 4. exd5 exd5 5. Nf3 Bb4 6. Bd2 0-0 7. Be2 Nc6 8. h3 h6 9. 0-0 Bf5 10. a3 Bxc3 11. Bxc3 Ne4 12. Bd2 Nxd2 13. Qxd2 Qd6 14. Rfe1 Be4 15. c3 Rfe8 16. Nh2 Na5 17. Qd1 Qg6 18. Bf1 Bc2 19. Qf3 Nb3 20. Qxd5 Nxa1 21. Rxa1 Be4 22. Qc4 Qb6 23. b4 a5 24. Rd1 axb4 25. axb4 Ra3 26. Ng4 Qc6 27. Qxc6 Bxc6 28. b5 Bd7 29. Ne5 Be6 30. c4 f6 31. Ng6 Bf7 32. Nh4 Rea8 33. d5 Ra1 34. Rxa1 Rxa1 35. g4 c6 36. dxc6 bxc6 37. bxc6 Bxc4 38. c7 Ba6 39. Nf5 Rxf1+ 40. Kg2 Rc1 0-1

[Event "Arber op 4th"]
[Site "Bayerisch Eisenstein"]
[Date "2015.08.03"]
[Round "3"]
[White "Grabmeier, Johannes"]
[Black "Comes, Bruno"]
[Result "0-1"]
[WhiteElo "1949"]
[BlackElo "2109"]
[PlyCount "78"]
[EventDate "2015.08.01"]
[EventType "swiss"]
[EventRounds "9"]
[EventCountry "GER"]
[SourceTitle "EXT 2016"]
[Source "ChessBase"]
[SourceDate "2015.10.08"]
[SourceVersion "1"]
[SourceVersionDate "2015.10.08"]
[SourceQuality "1"]

1. b3 e5 2. Bb2 d6 3. e3 Nf6 4. c4 g6 5. Ne2 Bg7 6. Nbc3 0-0 7. d4 Nc6 8. d5 Ne7 9. Qd2 Nd7 10. 0-0-0 a5 11. Ng3 Nc5 12. Bd3 f5 13. Kb1 Bd7 14. Bc2 Qe8 15. h4 h5 16. Qe2 Qf7 17. f3 b6 18. Nf1 Bf6 19. Nb5 Bxb5 20. cxb5 Nxd5 21. g4 hxg4 22. fxg4 e4 23. Rxd5 Qxd5 24. Bxf6 Rxf6 25. g5 Rf7 26. Ng3 Qe5 27. Qg2 a4 28. b4 a3 29. Bd1 Nd3 30. Bb3 d5 31. h5 Rh7 32. h6 Re8 33. Rf1 Rf7 34. Nh5 Kh7 35. Nf4 Nxf4 36. Rxf4 Rd7 37. Rf2 d4 38. exd4 Rxd4 39. Qf1 Rd2 0-1